000 00706nam a2200289Ia 4500
005 20260324133759.0
008 008 260324s9999 xx 000 0 eng d
020 _a9780203505045
037 _aEBOOK
040 _aCRL
040 _beng
040 _cCRL
041 _2eng
041 _aeng
084 _qCRL
100 _aA. F. Robertson
_91194371
245 0 _aLife Like Dolls
245 4 _bThe Collector Doll Phenomenon and the Lives of the Women Who Love Them
260 _bTaylor and Francis
260 _c2003
365 _a
365 _b195
856 _uhttp://www.taylorfrancis.com/books/9780203505045
942 _cEBOOK
999 _c1793775
_d1793775